Švýcarské pojišťovnictví 1994-95

Charakteristika švajčiarskeho poisťovníctva v 1994-1995. Všeobecné hospodárske prostredie Švajčiarska. Poistný trh. Objem prijatého poistného.

Gespeichert in:
Bibliographische Detailangaben
Format: Buchkapitel
Sprache:Tschechisch
Schlagworte:
Tags: Tag hinzufügen
Keine Tags, Fügen Sie das erste Tag hinzu!

MARC

LEADER 00000naa a2200000 4500
001 r022273
005 20230922093001.8
041 0 |a cze 
044 |a CZ 
245 1 0 |a Švýcarské pojišťovnictví 1994-95 
520 |a Charakteristika švajčiarskeho poisťovníctva v 1994-1995. Všeobecné hospodárske prostredie Švajčiarska. Poistný trh. Objem prijatého poistného. 
610 2 0 |a Švajčiarsko 
610 2 0 |a poisťovníctvo 
610 2 0 |a trh poistný 
610 2 0 |a 1994-1995 
610 2 0 |a poistné 
610 2 0 |a poistenie životné 
610 2 0 |a poistenie neživotné